| 000 | 00670nam a22002057i 4500 | ||
|---|---|---|---|
| 999 |
_c23193 _d23193 |
||
| 003 | AR-CdUCM | ||
| 008 | 250123b20202020 pe||||| |||| 00| 0 spa d | ||
| 040 |
_aMUNICIPALIDAD PROVINCIAL DEL CUSCO _cBIBLIOTECA MUNICIPAL DEL CUSCO |
||
| 041 | _hspa | ||
| 082 |
_a498 / T93 _bT93 |
||
| 100 |
_aTunque Choque, Daniel _911539 |
||
| 245 |
_aDiccionario Bilingüe Quechua-Castellano : _bIdioma de los Inkas - Qheshwa Simi Taqe / |
||
| 260 |
_aCusco : _bAutor-Editor _c2020 |
||
| 300 |
_a159 páginas. : _c15x11 cm. |
||
| 505 | _aDiccionario Quechua - Castellano | ||
| 650 |
_aQuechua _92063 |
||
| 650 |
_aCastellano _97963 |
||
| 942 |
_2ddc _cLIBROS |
||
| 945 |
_apbjr _d23-01-2025 |
||